Monetárna politika a vývoj kurzu v Slovenskej republike v období 1999-2005

Zhodnotenie vývoja kurzu slovenskej koruny. Analýza vývoja hodnoty slovenskej koruny. Teoretické prístupy k analýze stacionarity časových radov. Dickeyho-Fullerov test. Phillipsov-Perronov test. Analýza vývoja výmenného kurzu na základe vybraných variantov jednorovnicových ekonometrických modelov.

Guardado en:
Detalles Bibliográficos
Autor principal: Ivaničová, Zlatica
Otros Autores: Chocholatá, Michaela, 1977-
Formato: Capítulo de libro
Lenguaje:eslovaco
Materias:
Etiquetas: Agregar Etiqueta
Sin Etiquetas, Sea el primero en etiquetar este registro!

MARC

LEADER 00000naa$a2200000$$$4500
001 0045271
005 20240502071525.7
041 0 |a slo 
044 |a SK 
245 1 0 |a Monetárna politika a vývoj kurzu v Slovenskej republike v období 1999-2005  |c Zlatica Ivaničová, Michaela Chocholatá 
520 |a Zhodnotenie vývoja kurzu slovenskej koruny. Analýza vývoja hodnoty slovenskej koruny. Teoretické prístupy k analýze stacionarity časových radov. Dickeyho-Fullerov test. Phillipsov-Perronov test. Analýza vývoja výmenného kurzu na základe vybraných variantov jednorovnicových ekonometrických modelov. 
610 2 0 |a politika menová 
610 2 0 |a vývoj menový 
610 2 0 |a kurzy 
610 2 0 |a kurz výmenný 
610 2 0 |a Slovensko 
610 2 0 |a koruna 
610 2 0 |a bilancia platobná 
610 2 0 |a inflácia 
610 2 0 |a zhodnotenie meny 
610 2 0 |a rady časové 
610 2 0 |a modely ekonomicko-matematické 
100 1 |a Ivaničová, Zlatica 
700 1 |a Chocholatá, Michaela, 1977-